000 00590nam a2200241Ia 4500
003 OSt
005 20220912152727.0
006 a|||||r|||| 00| 0
007 ta
008 220909b |||||||| |||| 00| 0 eng d
024 _a37403
037 _cTextual
040 _aCSL
_beng
_cCSL
041 _aeng
082 _aC9B58, J9
100 _aBershader Daniel Ed.
245 0 _aMagnetodynamics of conducting fluids
260 _c1959
300 _ap.
_ccm.
650 _aPlasma physics
942 _hC9B58, J9
_cTEXL
_2CC
999 _c90578
_d90578